000 00797nam a22001817a 4500
005 20260330111249.0
008 260326b |||||||| |||| 00| 0 eng d
082 _2UT 1582 C161 2021
100 _aCandones, Ann Julie T.
_970177
245 _aTeacher instructional effectiveness, psychological needs and procrastination behavior among freshmen in um digos: A mediation analysis
_cAnn Julie T. Candones, Cen Emilio Maglasang, Jan Lloyd U. Serrano.
260 _aDigos city:
_bUMDC,
_c©June 2021.
300 _aix, 82 pages :
_billustration (some colors) :
_c30 Cm.
500 _aIncludes references and appendices.
650 0 _aEducation
_xUndergraduate.
_970178
700 _aMaglasang, Cen Emilio.
_eresearcher.
_970179
700 _aSerrano, Jan Lloyd U.
_eresearcher.
_970180
942 _2ddc
_cUT
999 _c24486
_d24486